000 01098ncm a2200289 a 4500
100 _aПипков, Любомир Панайотов
_d1904-1974
_eпърви автор
_9428881
999 _c349576
_d349576
003 BLK
005 20230802005159.0
008 200325b bu ||||| |||| 00| 0 bu d
040 _aBLK
041 _aBUL
_cBUL
080 _aКамерна вок. муз. Песни, балади, арии, романси
_b784.3
_z784.3
139 _aПипков, Любомир
_bП 52
245 _aДве песни
_bЗа висок глас и пиано
_cЛюбомир Пипков
260 _9209548
_aСофия
_bНаука и изкуство
_c1956
300 _a11 с.
_c32 см
380 _a7
505 _gоп. 46 N 1
_tТрепетлика
505 _gОп. 46 N 2
_tМорето и любовта
650 0 _9276897
_aВокална музика
653 7 _9193730
_aпиано
700 _91581
_aРадоев, Иван
_eтекст
852 _aЦб М II 3
_bИП
942 _cNOT
_n0
_s1
944 _c2020-03-25
_k
_lCRON CRON
999 _d349576